Modelovanie aerodynamickej drsnosti prostredia a stavebných objektov

Saved in:
Bibliographic Details
Main Author: Cruz, Samuel (Author)
Other Authors: Palko, Milan (Thesis advisor)
Format: Manuscript Book
Language:Slovak
Published: 2025
Subjects:
Online Access:http://is.stuba.sk/zp/portal_zp.pl?podrobnosti=145679
Tags: Add Tag
No Tags, Be the first to tag this record!

MARC

LEADER 00000ntm a22000003a 4500
001 stuzp66128
003 SK-STU
005 20250830210302.4
007 ta
008 150427s2015----xo-----f-mn---000-0-slo-d
040 |a STU  |b slo 
041 0 |a slo 
100 1 |a Cruz, Samuel  |u 010180  |4 aut  |U SvF Stavebná fakulta  |T SvF Katedra konštrukcií pozemných stavieb  |X 7503  |U V180  |Y 18  |7 7503 
242 0 1 |a Modeling of aerodynamic roughness of enviroment and building objects  |y eng 
245 1 0 |a Modelovanie aerodynamickej drsnosti prostredia a stavebných objektov 
260 |c 2025 
650 4 |a CFD  |2 slo 
650 4 |a Aerodynamika  |2 slo 
650 4 |a Simulácia  |2 slo 
650 4 |a Ansys  |2 slo 
650 4 |a Fluent  |2 slo 
650 4 |a Drsnosť  |2 slo 
650 4 |a Aerodynamics  |2 eng 
650 4 |a CFD  |2 eng 
650 4 |a ANSYS  |2 eng 
650 4 |a Fluent  |2 eng 
650 4 |a Aerodynamic roughness  |2 eng 
700 1 |a Palko, Milan  |u 010180  |k Z1  |4 ths  |U SvF Stavebná fakulta  |T SvF Katedra konštrukcií pozemných stavieb  |X 2552  |U V180  |Y 18  |7 A000002552 
856 4 |u http://is.stuba.sk/zp/portal_zp.pl?podrobnosti=145679